Statistics for Least Guessed Country for Every Letter

Click here to take the quiz!

General Stats

  • This quiz has been taken 88 times
  • The average score is 16 of 24

Answer Stats

HintAnswer% Correct
AAntigua and Barbuda
89%
QQatar
84%
OOman
83%
ZZambia
81%
DDjibouti
80%
YYemen
80%
VVanuatu
76%
PPalau
75%
KKiribati
73%
RRwanda
72%
TTuvalu
72%
NNauru
69%
UUganda
68%
JJordan
67%
GGrenada
65%
CComoros
64%
EEast Timor
61%
BBurundi
60%
HHonduras
59%
FFederated States of Micronesia
57%
MMarshall Islands
56%
SSão Tomé and Príncipe
51%
IIvory Coast
48%
LLesotho
45%

Score Distribution

Percentile by Number Answered

Percent of People with Each Score

Your Score History

You have not taken this quiz